| 000 | 00558nam a22001577a 4500 | ||
|---|---|---|---|
| 999 |
_c535846 _d535846 |
||
| 020 | _qHard Cover. | ||
| 082 | _a616.01 | ||
| 100 | _aNajeeb, Sara | ||
| 245 |
_aComparison of Urine Dipstick Test with Conventional Urine Culture in Diagnosis of Urinary Tract Infection in Children / _cSara Najeeb. |
||
| 260 |
_aIslamabad : _bAMC - NUST, _c2012. |
||
| 300 |
_axi, 105 p. : ill. ; _c30cm. |
||
| 942 |
_2ddc _cTHE |
||
| 650 |
_aMicrobiology M Phil.-Thesis. _930630 |
||
| 700 |
_aDr. Tehmina Munir. _930734 |
||